| 000 | 00376nam a22001217a 4500 | ||
|---|---|---|---|
| 999 |
_c3842 _d3842 |
||
| 005 | 20210412150956.0 | ||
| 008 | 210412b ||||| |||| 00| 0 eng d | ||
| 020 | _a9781337620338 | ||
| 040 | _cCML | ||
| 245 |
_aCollege Physics _cSerway A. R., Vuille C., Hughes J. |
||
| 260 |
_aUnited States _bCengage Learning _c2018 |
||
| 942 |
_2ddc _cBK _e11th Edition _h530 _mVUI |
||